Statistiques concernant Villes les plus peuplées des Yvelines

Cliquez ici pour prendre le quiz!

Statistiques générales

  • Ce quiz a été pris 375 fois
  • Le résultat moyen est 15 sur 36

Statistiques - réponses

PopulationVille% Correct
87 530Versailles
96%
43 875Mantes-la-Jolie
84%
41 048Saint-Germain-en-Laye
77%
38 059Poissy
74%
26 595Rambouillet
72%
30 115Trappes
70%
52 076Sartrouville
62%
31 604Plaisir
61%
30 992Les Mureaux
57%
20 141Mantes-la-Ville
52%
32 728Houilles
48%
34 263Montigny-le-Bretonneux
46%
31 117Chatou
43%
26 914Elancourt
43%
28 576Guyancourt
42%
16 431Le Vésinet
42%
17 109Marly-le-Roi
42%
29 688Le Chesnay
41%
19 643Achères
37%
16 730Le Pecq
37%
35 621Conflans-Sainte-Honorine
35%
18 190Saint-Cyr-l'Ecole
33%
16 002Viroflay
33%
21 372Vélizy-Villacoublay
32%
19 260Maurepas
31%
15 268Carrières-sur-Seine
29%
21 619La Celle-Saint-Cloud
27%
14 020Bois-d'Arcy
24%
15 105Carrières-sous-Poissy
23%
17 962Les Clayes-sous-Bois
23%
23 664Maisons-Laffitte
21%
15 568Montesson
20%
16 319Limay
19%
12 147Andrésy
17%
12 975Fontenay-le-Fleury
17%
15 699Verneuil-sur-Seine
14%

Distribution des résultats

Percentile par nombre de réponses

% des personnes avec chaque résultat

Votre développement - résultats

Vous n’avez pas pris ce quiz